MARC details
| 000 -LEADER |
| fixed length control field |
02965cas a2200733 4500 |
| 001 - CONTROL NUMBER |
| control field |
11161502 |
| 003 - CONTROL NUMBER IDENTIFIER |
| control field |
BDDh-ASL |
| 005 - DATE AND TIME OF LATEST TRANSACTION |
| control field |
20231015030504.0 |
| 008 - FIXED-LENGTH DATA ELEMENTS--GENERAL INFORMATION |
| fixed length control field |
751101c19779999mauar 0 a0eng |
| 010 ## - LIBRARY OF CONGRESS CONTROL NUMBER |
| LC control number |
68054940 |
| Canceled/invalid LC control number |
sn 84012534 |
| 016 ## - NATIONAL BIBLIOGRAPHIC AGENCY CONTROL NUMBER |
| Record control number |
(AMICUS)000000088204 |
| 016 ## - NATIONAL BIBLIOGRAPHIC AGENCY CONTROL NUMBER |
| Record control number |
009879330 |
| 016 7# - NATIONAL BIBLIOGRAPHIC AGENCY CONTROL NUMBER |
| Record control number |
1305072 |
| Source |
DNLM |
| 016 7# - NATIONAL BIBLIOGRAPHIC AGENCY CONTROL NUMBER |
| Record control number |
S30080000 |
| Source |
DNLM |
| 016 7# - NATIONAL BIBLIOGRAPHIC AGENCY CONTROL NUMBER |
| Record control number |
009879330 |
| Source |
Uk |
| 022 0# - INTERNATIONAL STANDARD SERIAL NUMBER |
| International Standard Serial Number |
0081-1750 |
| ISSN-L |
0081-1750 |
| Incorrect ISSN |
1467-9531 |
| Source |
1 |
| 035 ## - SYSTEM CONTROL NUMBER |
| System control number |
(OCoLC)ocm01765945 |
| 040 ## - CATALOGING SOURCE |
| Original cataloging agency |
DLC |
| Language of cataloging |
eng |
| Transcribing agency |
MUL |
| Modifying agency |
COO |
| -- |
NSD |
| -- |
DLC |
| -- |
NSD |
| -- |
DLC |
| -- |
NST |
| -- |
NSD |
| -- |
DLC |
| -- |
NST |
| -- |
DLC |
| -- |
RCS |
| -- |
OCL |
| -- |
NST |
| -- |
DLC |
| -- |
OCL |
| -- |
IUL |
| -- |
NST |
| -- |
MYG |
| -- |
NST |
| -- |
IUL |
| -- |
SYS |
| -- |
CUS |
| -- |
OCL |
| -- |
GUA |
| -- |
NLM |
| -- |
MYG |
| -- |
NLGGC |
| -- |
LVB |
| -- |
OCLCG |
| -- |
OCLCQ |
| -- |
UKMGB |
| -- |
MYG |
| -- |
OCLCF |
| -- |
P4I |
| -- |
OCLCQ |
| -- |
OCLCO |
| -- |
IUL |
| -- |
YDX |
| -- |
OCLCQ |
| -- |
OCLCA |
| -- |
NLC |
| -- |
OCLCQ |
| -- |
OCLCO |
| -- |
BGU |
| -- |
OCLCA |
| -- |
UPM |
| -- |
DLC |
| -- |
OCLCQ |
| -- |
OCLCO |
| -- |
BDDh-ASL |
| 042 ## - AUTHENTICATION CODE |
| Authentication code |
nsdp |
| -- |
pcc |
| 050 00 - LIBRARY OF CONGRESS CALL NUMBER |
| Classification number |
HM24 |
| Item number |
.S55 |
| 060 00 - NATIONAL LIBRARY OF MEDICINE CALL NUMBER |
| Classification number |
W1 |
| Item number |
SO878X |
| 082 04 - DEWEY DECIMAL CLASSIFICATION NUMBER |
| Classification number |
301.018 |
| Item number |
SOC |
| 210 0# - ABBREVIATED TITLE |
| Abbreviated title |
Sociol. method. |
| 222 #0 - KEY TITLE |
| Key title |
Sociological methodology |
| 245 00 - TITLE STATEMENT |
| Title |
Sociological methodology 1977 / |
| 260 ## - PUBLICATION, DISTRIBUTION, ETC. |
| Place of publication, distribution, etc. |
San Francisco |
| Name of publisher, distributor, etc. |
Jossey-Bass |
| 260 2# - PUBLICATION, DISTRIBUTION, ETC. |
| Materials specified |
1986-1988: |
| Place of publication, distribution, etc. |
Washington, D.C. |
| Name of publisher, distributor, etc. |
American Sociological Association |
| 260 2# - PUBLICATION, DISTRIBUTION, ETC. |
| Materials specified |
1989-1992: |
| Place of publication, distribution, etc. |
Oxford, England, |
| Name of publisher, distributor, etc. |
Basil Blackwell |
| 260 2# - PUBLICATION, DISTRIBUTION, ETC. |
| Materials specified |
1993-2011 : |
| Place of publication, distribution, etc. |
Boston, |
| -- |
Oxford, |
| Name of publisher, distributor, etc. |
Blackwell |
| 260 3# - PUBLICATION, DISTRIBUTION, ETC. |
| Materials specified |
2012- : |
| Place of publication, distribution, etc. |
Thousand Oaks, CA, |
| Name of publisher, distributor, etc. |
SAGE Publications, Inc. |
| 300 ## - PHYSICAL DESCRIPTION |
| Extent |
volumes |
| Other physical details |
illustrations |
| Dimensions |
24 cm |
| 310 ## - CURRENT PUBLICATION FREQUENCY |
| Current publication frequency |
Annual |
| 336 ## - CONTENT TYPE |
| Content type term |
text |
| Content type code |
txt |
| Source |
rdacontent |
| 337 ## - MEDIA TYPE |
| Media type term |
unmediated |
| Media type code |
n |
| Source |
rdamedia |
| 338 ## - CARRIER TYPE |
| Carrier type term |
volume |
| Carrier type code |
nc |
| Source |
rdacarrier |
| 362 0# - DATES OF PUBLICATION AND/OR SEQUENTIAL DESIGNATION |
| Dates of publication and/or sequential designation |
1969- |
| 490 1# - SERIES STATEMENT |
| Series statement |
1969-1985: Jossey-Bass behavioral science series |
| 500 ## - GENERAL NOTE |
| General note |
Editor: 1969-<1970> E.F. Borgatta. |
| 515 ## - NUMBERING PECULIARITIES NOTE |
| Numbering peculiarities note |
Issues for <1994-> also called <v. 24-> |
| 550 ## - ISSUING BODY NOTE |
| Issuing body note |
"An official publication of the American Sociological Association." |
| 590 ## - LOCAL NOTE (RLIN) |
| Local note |
SERBIB/SERLOC merged record |
| 650 #0 - SUBJECT ADDED ENTRY--TOPICAL TERM |
| Topical term or geographic name entry element |
Sociology |
| General subdivision |
Methodology |
| Form subdivision |
Periodicals. |
| 650 #1 - SUBJECT ADDED ENTRY--TOPICAL TERM |
| Topical term or geographic name entry element |
Sociology. |
| 650 #2 - SUBJECT ADDED ENTRY--TOPICAL TERM |
| Topical term or geographic name entry element |
Sociology. |
| 650 #6 - SUBJECT ADDED ENTRY--TOPICAL TERM |
| Topical term or geographic name entry element |
Sociologie |
| General subdivision |
Méthodologie |
| Form subdivision |
Périodiques. |
| 650 #7 - SUBJECT ADDED ENTRY--TOPICAL TERM |
| Topical term or geographic name entry element |
Sociology |
| General subdivision |
Methodology. |
| Source of heading or term |
fast |
| Authority record control number or standard number |
(OCoLC)fst01123900 |
| 650 17 - SUBJECT ADDED ENTRY--TOPICAL TERM |
| Topical term or geographic name entry element |
Sociologie. |
| Source of heading or term |
gtt |
| 650 17 - SUBJECT ADDED ENTRY--TOPICAL TERM |
| Topical term or geographic name entry element |
Methodologie. |
| Source of heading or term |
gtt |
| 655 #2 - INDEX TERM--GENRE/FORM |
| Genre/form data or focus term |
Periodical. |
| 655 #7 - INDEX TERM--GENRE/FORM |
| Genre/form data or focus term |
Periodicals. |
| Source of term |
fast |
| Authority record control number or standard number |
(OCoLC)fst01411641 |
| 655 #7 - INDEX TERM--GENRE/FORM |
| Genre/form data or focus term |
Electronic journals. |
| Source of term |
lcgft |
| 700 1# - ADDED ENTRY--PERSONAL NAME |
| Personal name |
Borgatta, Edgar F., |
| Dates associated with a name |
1924-2016, |
| Relator term |
editor. |
| 710 2# - ADDED ENTRY--CORPORATE NAME |
| Corporate name or jurisdiction name as entry element |
American Sociological Association, |
| Relator term |
issuing body. |
| 776 08 - ADDITIONAL PHYSICAL FORM ENTRY |
| Relationship information |
Online version: |
| Title |
Sociological methodology (Online) |
| International Standard Serial Number |
1467-9531 |
| Record control number |
(DLC) 2001227410 |
| -- |
(OCoLC)48537305 |
| 830 #0 - SERIES ADDED ENTRY--UNIFORM TITLE |
| Uniform title |
Jossey-Bass behavioral science series. |
| 906 ## - LOCAL DATA ELEMENT F, LDF (RLIN) |
| a |
7 |
| b |
cbc |
| c |
serials |
| d |
3 |
| e |
ncip |
| f |
19 |
| g |
n-oclcserc |
| 942 ## - ADDED ENTRY ELEMENTS (KOHA) |
| Source of classification or shelving scheme |
Dewey Decimal Classification |
| Koha item type |
Books |